00000000nam##2200000za#4500
0019.534401
003CaOODSP
00520200331232335
007ta
008150406|2001||||xxc|||||     f|0| 0 fre|d
020 |a0-660-61484-7
040 |aCaOODSP|bfre
041 |aeng
041 |afre
043 |an-cn---
0861 |aBT31-2/2002-III-54
1101 |aCanada. |bConseil du trésor.
24510|aMinistère des Finances Canada
260 |aOttawa - Ontario : |bSecrétariat du Conseil du Trésor du Canada |c2001.
300 |aTexte français, 38p. : |borganigramme, tableaux ; |c28 cm.
4901 |aBudget des dépenses 2001-2002, partie III: rapport sur les plans et les priorités
546 |aBilingue
563 |aCouverture souple
590 |a01-14|b2001-04-06
69107|aPrévisions budgétaires|2gcpds
7760#|tDepartment of Finance Canada, a report on plans and priorities, 2001-02 estimates |w(CaOODSP)9.568489
7760#|tMinistère des Finances Canada, rapport sur les plans et les priorités, budget des dépenses 2001-2002 |w(CaOODSP)9.599767
791 |tDepartment of Finance Canada |eeng|w(CaOODSP)9.534400
830#0|aBudget des dépenses 2001-2002, partie III: rapport sur les plans et les priorités.|w(CaOODSP)9.508967